000 00901nas a2200289 4500
001 BR9607339
003 BR-BrBNA
005 20231205094936.0
007 ta
008 230509b bl.|||p| |||| 00| 00por d
040 _aBR-BrBNA
_bpor
_cBiblioteca Nacional de Agricultura
041 _a(Pt)
072 _aP36
100 1 _aSouza, J.L. de
100 1 _aLombardi Neto, F.
100 1 _aTubelis, A.
245 1 _aEstimativa e analise do escoamento superficial em solo descoberto e cultivado com a sucessao soja e trigo, sob diferentes sistemas de manejo
650 _aSoja
650 _aTrigo
650 _aManejo do Solo
650 _aPrecipitacao Pluvial
650 _aSolo
650 _aInfiltracao
773 0 _tRevista Brasileira de Agrometeorologia (Brazil)
_xISSN 0104-1347
_g(1995), v. 3 p. 77-84
_wBR9607339
909 _a202311
_bLúcia
_c55
_dLúcia Elande
942 _2AGRIS
_n0
_cANA
999 _c147854
_d147854